Loading...
| History - World | 0 | 7 | 2 | 3 | 60 | 88 | 112.86 | 0 | 1 | 6.34 | 22.91 |
| History - European | 0 | 5 | 0 | 0 | 50 | 70 | 101.60 | 1 | 3 | 7.44 | 23.44 |
| Science - Biology | 0 | 3 | 0 | 1 | 30 | 115 | 124.67 | 0 | 0 | 0.47 | 7.41 |
| Geography | 0 | 3 | 0 | 1 | 30 | 30 | 85.00 | 1 | 1 | 15.90 | 23.93 |
| Social Science | 0 | 2 | 0 | 0 | 20 | 68 | 70.00 | 0 | 2 | 5.23 | 10.71 |
| Philosophy | 0 | 2 | 0 | 0 | 20 | 100 | 103.00 | 0 | 1 | 2.49 | 8.68 |
| Religion | 0 | 2 | 1 | 0 | 15 | 113 | 114.50 | 0 | 0 | 2.75 | 8.58 |
| Literature - European | 0 | 1 | 0 | 0 | 10 | 56 | 56.00 | 1 | 1 | 3.64 | 5.88 |
| History - Other | 0 | 3 | 4 | 0 | 10 | 48 | 77.33 | 1 | 2 | 7.38 | 15.80 |
| Fine Arts - Painting & Sculpture | 0 | 1 | 0 | 0 | 10 | 117 | 117.00 | 0 | 0 | 0.51 | 3.92 |
| Literature - World | 0 | 1 | 0 | 0 | 10 | 111 | 111.00 | 0 | 0 | 1.05 | 3.10 |